Tchaikovsky
Spremljeno u:
| Glavni autor: | |
|---|---|
| Format: | Knjiga |
| Jezik: | španjolski |
| Izdano: |
Buenos Aires
Schapire
1952
|
| Serija: | Colección los Grandes Músicos
|
| Teme: | |
| Oznake: |
Dodaj oznaku
Bez oznaka, Budi prvi tko označuje ovaj zapis!
|
MARC
| LEADER | 00000nam a2200000 a 4500 | ||
|---|---|---|---|
| 001 | UCN2249 | ||
| 003 | CL-VaPUC | ||
| 008 | 010511e19520000AG |||||||||||||||||spa|d | ||
| 082 | 0 | 4 | |a 780.92 |b EVA |2 21 |
| 100 | 0 | |a Evans, Edwin |e author |9 458027 | |
| 245 | 1 | 0 | |a Tchaikovsky |
| 300 | |a 220 p | ||
| 942 | |c BK | ||
| 945 | |d 20010511 00:00:00 |a crobeson | ||
| 260 | |a Buenos Aires |b Schapire |c 1952 | ||
| 600 | 0 | |a Tchaikovsky, Peter Ilich |9 306347 | |
| 650 | 0 | |a Compositores rusos |9 329355 | |
| 650 | 7 | |a MUSICA SIGLO 19 |2 CL-VaPUC |9 458028 | |
| 583 | |a last modification |c 20010511 00:00:00 |k Rodrigo Vera | ||
| 490 | 0 | |a Colección los Grandes Músicos | |
| 999 | |c 295407 |d 295405 | ||